| 000 | 01081cam a2200313 a 4500 | ||
|---|---|---|---|
| 001 | 3406 | ||
| 003 | FISKH | ||
| 005 | 20240304085810.0 | ||
| 008 | 841205s1985 nyu 000 1 eng | ||
| 010 | _a 84027195 | ||
| 020 | _a9780552992046 | ||
| 020 | _a0688057624 (lim. ed.) | ||
| 040 |
_aDLC _cDLC _dDLC |
||
| 050 | 0 | 0 |
_aPS3559.R8 _bC5 1985 |
| 082 | 0 | 0 |
_a813/.54 _219 |
| 100 | 1 |
_aIrving, John _d1942- |
|
| 245 | 1 | 4 |
_aThe cider house rules : _ba novel / _cJohn Irving. |
| 260 |
_aGuernsey : _bBlack Swan, _c1986 |
||
| 300 |
_a731 pages : _c21 cm |
||
| 520 | _aFrom one of America's most beloved and respected writers comes the classic story of Homer Wells, an orphan, and Wilbur Larch, a doctor without children of his own, who develop an extraordinary bond with one another. | ||
| 650 | 0 |
_aYoung men _zMaine _xFiction. |
|
| 650 | 0 |
_aPhysicians _xFiction. |
|
| 650 | 0 |
_aOrphanages _xFiction. |
|
| 650 | 0 |
_aAbortion _xFiction. |
|
| 651 | 0 |
_aMaine _xFiction. |
|
| 655 | 7 |
_aBildungsromane. _2gsafd |
|
| 906 |
_a7 _bcbc _corignew _d1 _eocip _f19 _gy-gencatlg |
||
| 942 |
_2ddc _cBK _n0 |
||
| 999 |
_c3406 _d3406 |
||